[Event "Titled Tuesday intern op 18th Aug"]
[Site "Chess.com INT"]
[Date "2020.08.18"]
[Round "2"]
[White "Aung, Thant Zin"]
[Black "Guerrero Sierra, Juan Carlos"]
[Result "1/2-1/2"]
[WhiteElo "2268"]
[BlackElo "2353"]
[PlyCount "96"]
[EventDate "2020.08.18"]
[EventType "swiss (blitz)"]
[EventRounds "10"]
[EventCountry "USA"]
[SourceTitle "CBM 197 Extra"]
[Source "ChessBase"]
[SourceDate "2020.09.30"]
[SourceVersion "1"]
[SourceVersionDate "2020.09.30"]
[SourceQuality "1"]

1. e4 c5 2. Nf3 d6 3. Bb5+ Nd7 4. 0-0 Ngf6 5. Re1 a6 6. Bf1 g6 7. c3 Bg7 8. d4 cxd4 9. cxd4 d5 10. e5 Ne4 11. Nbd2 Nxd2 12. Bxd2 0-0 13. e6 fxe6 14. Ng5 Nf6 15. Nxe6 Bxe6 16. Rxe6 Qd7 17. Re1 Rac8 18. Rc1 Ne4 19. Be3 Rxc1 20. Qxc1 Rc8 21. Qd1 b5 22. f3 Nd6 23. b3 Nf5 24. Bf2 Qc6 25. g4 Nd6 26. Rxe7 Qc2 27. Qxc2 Rxc2 28. Rd7 Nf7 29. a4 bxa4 30. bxa4 Ra2 31. Bxa6 Rxa4 32. Bb7 Bxd4 33. Bxd5 Bxf2+ 34. Kxf2 Rf4 35. Kg3 g5 36. h4 h6 37. hxg5 hxg5 38. Rxf7 Rxf7 39. Bxf7+ Kxf7 40. Kf2 Kf6 41. Ke2 Ke6 42. Ke3 Ke5 43. f4+ gxf4+ 44. Kf3 Kf6 45. Kxf4 Kg6 46. g5 Kg7 47. Kf5 Kf7 48. g6+ Kg7 1/2-1/2

[Event "Forni di Sopra op 10th"]
[Site "Forni di Sopra"]
[Date "2019.06.22"]
[Round "9"]
[White "Castellanos Rodriguez, Renier"]
[Black "Guerrero Sierra, Juan Carlos"]
[Result "1/2-1/2"]
[WhiteElo "2511"]
[BlackElo "2290"]
[PlyCount "85"]
[EventDate "2019.06.15"]
[EventType "swiss"]
[EventRounds "9"]
[EventCountry "ITA"]
[SourceTitle "CBM 191 Extra"]
[Source "ChessBase"]
[SourceDate "2019.09.30"]
[SourceVersion "1"]
[SourceVersionDate "2019.09.30"]
[SourceQuality "1"]

1. Nf3 Nf6 2. g3 g6 3. b3 Bg7 4. Bb2 d5 5. c4 c6 6. Bg2 0-0 7. 0-0 a5 8. d3 Na6 9. Nbd2 a4 10. Bc3 axb3 11. axb3 Bg4 12. h3 Bxf3 13. Nxf3 Re8 14. Qc2 Nd7 15. d4 Qb6 16. e3 Nb4 17. Qd2 Ra5 18. Ra2 Rxa2 19. Ra1 Na6 20. Qxa2 Qc7 21. Qa5 Qxa5 22. Rxa5 e6 23. Bf1 Ndc5 24. Nd2 Ra8 25. b4 Nd7 26. c5 Bf6 27. Nb3 Bd8 28. Ra1 Nc7 29. Rxa8 Nxa8 30. b5 cxb5 31. Bxb5 Nb8 32. Na5 Bxa5 33. Bxa5 Nc6 34. Bxc6 bxc6 35. Kg2 Kf8 36. Kf3 Ke7 37. Kf4 f6 38. h4 Kd7 39. f3 Nc7 40. Bxc7 Kxc7 41. e4 h6 42. Ke3 Kd7 43. exd5 1/2-1/2

[Event "Titled Tuesday intern op 2nd April"]
[Site "Chess.com INT"]
[Date "2019.04.02"]
[Round "6"]
[White "Vusatiuk, Vladimir"]
[Black "Guerrero Sierra, Juan Carlos"]
[Result "0-1"]
[WhiteElo "2323"]
[BlackElo "2290"]
[PlyCount "144"]
[EventDate "2019.04.02"]
[EventType "swiss (blitz)"]
[EventRounds "10"]
[EventCountry "USA"]
[SourceTitle "EXT 2021"]
[Source "ChessBase"]
[SourceDate "2020.10.23"]
[SourceVersion "1"]
[SourceVersionDate "2020.10.23"]
[SourceQuality "1"]

1. e4 c5 2. Nf3 d6 3. d4 cxd4 4. Qxd4 Nf6 5. Bb5+ Bd7 6. c4 Nc6 7. Bxc6 Bxc6 8. Nc3 g6 9. 0-0 Bg7 10. Qd3 0-0 11. Nd4 Qa5 12. Bd2 Qh5 13. h3 Nd7 14. Nd5 Bxd5 15. cxd5 Rfc8 16. f4 Nb6 17. Rac1 Rxc1 18. Rxc1 Rc8 19. Rxc8+ Nxc8 20. g4 Qh4 21. Kg2 h5 22. g5 Bxd4 23. Qxd4 f6 24. Qe3 fxg5 25. fxg5 Nb6 26. b3 e5 27. dxe6 d5 28. Qf3 Qxe4 29. Qxe4 dxe4 30. Bb4 Nd5 31. Bd6 a6 32. Kf2 b5 33. Ke2 Kg7 34. a3 Kg8 35. Kd2 Kg7 36. a4 Kg8 37. axb5 axb5 38. Ke1 Ne3 39. Ke2 Nf5 40. Bc5 Ng7 41. e7 Kf7 42. Ke3 Ne6 43. Bd6 Nxg5 44. h4 Nf3 45. Kxe4 Nxh4 46. Kd5 Nf5 47. Bf4 Kxe7 48. Bg5+ Kd7 49. Kc5 Nd6 50. Bf4 Ne4+ 51. Kxb5 g5 52. Be3 h4 53. Kc4 h3 54. Bg1 Nd2+ 55. Kd3 Nf3 56. Ke3 Nxg1 57. Kf2 h2 58. Kg2 Nf3 59. b4 Kc6 60. Kh1 Kb5 61. Kg2 Kxb4 62. Kh1 Kc3 63. Kg2 Kd3 64. Kh1 Ke2 65. Kg2 g4 66. Kh1 Nd4 67. Kg2 Nf5 68. Kh1 Kf1 69. Kxh2 g3+ 70. Kh3 g2 71. Kh2 g1Q+ 72. Kh3 Qg3# 0-1

[Event "Moscow Aeroflot op-B 18th"]
[Site "Moscow"]
[Date "2019.02.21"]
[Round "2"]
[White "Guerrero Sierra, Juan Carlos"]
[Black "Lugovskoy, Maxim"]
[Result "0-1"]
[WhiteElo "2337"]
[BlackElo "2452"]
[PlyCount "70"]
[EventDate "2019.02.20"]
[EventType "swiss"]
[EventRounds "9"]
[EventCountry "RUS"]
[SourceTitle "CBM 189 Extra"]
[Source "ChessBase"]
[SourceDate "2019.06.03"]
[SourceVersion "1"]
[SourceVersionDate "2019.06.03"]
[SourceQuality "1"]

1. d4 d5 2. Nf3 e6 3. c4 a6 4. cxd5 exd5 5. Nc3 c6 6. e3 Nf6 7. Bd3 Bd6 8. 0-0 Nbd7 9. Rb1 0-0 10. Nh4 Re8 11. Nf5 Bc7 12. f3 Nf8 13. Bd2 Nh5 14. f4 Nf6 15. Ng3 c5 16. dxc5 d4 17. Nce4 Ng4 18. Qc2 Qh4 19. h3 Nxe3 20. Bxe3 dxe3 21. Ne2 Be6 22. b4 Rad8 23. Rbd1 Bd5 24. N4c3 Bc6 25. a4 Bd7 26. Nd5 Bb8 27. Bf5 Bc6 28. g3 Qh6 29. Nxe3 Rxd1 30. Nxd1 Qf6 31. Bd3 Ne6 32. Qc3 Qe7 33. Qc2 Qd7 34. Bxh7+ Kh8 35. Bf5 Qd5 0-1

[Event "COL-chT"]
[Site "Ibague"]
[Date "2018.10.13"]
[Round "5.2"]
[White "Guerrero Sierra, Juan Carlos"]
[Black "Toro Castaneda, Miguel Angel"]
[Result "0-1"]
[WhiteElo "2378"]
[BlackElo "1799"]
[PlyCount "114"]
[EventDate "2018.10.11"]
[EventType "team-swiss"]
[EventRounds "6"]
[EventCountry "COL"]
[SourceTitle "CBM 186 Extra"]
[Source "ChessBase"]
[SourceDate "2018.08.24"]
[SourceVersion "1"]
[SourceVersionDate "2018.08.24"]
[SourceQuality "1"]
[WhiteTeam "Antioquia"]
[BlackTeam "Antioquia II"]
[WhiteTeamCountry "COL"]
[BlackTeamCountry "COL"]

1. d4 Nf6 2. Bg5 Ne4 3. Bf4 d5 4. f3 Nd6 5. Nc3 e6 6. e4 dxe4 7. fxe4 Be7 8. Nf3 0-0 9. Qd2 b6 10. 0-0-0 Bb7 11. Bd3 Nd7 12. e5 Ne8 13. Ne4 c5 14. dxc5 Nxc5 15. Nxc5 bxc5 16. Ng5 g6 17. h4 Ng7 18. Qe2 Qd4 19. Be4 Qa4 20. Bxb7 Qxf4+ 21. Qd2 Qxd2+ 22. Rxd2 Rad8 23. Be4 Nh5 24. Rhd1 Ng3 25. Bd3 h6 26. Nf3 g5 27. hxg5 hxg5 28. Ba6 g4 29. Rxd8 Bxd8 30. Nh2 Bg5+ 31. Kb1 Ne4 32. Nxg4 Nd2+ 33. Ka1 Rd8 34. Be2 Rd4 35. a3 Re4 36. Bf3 Rd4 37. c3 Rd3 38. Ka2 c4 39. Nf2 Rd8 40. Rh1 Kg7 41. Rh3 Bf4 42. Ng4 Rd3 43. Bc6 Rd8 44. a4 Kg6 45. Rh1 Kf5 46. Bf3 Rd3 47. Bd1 Rg3 48. Rh7 Kg6 49. Bc2+ Kg5 50. Nh6 f5 51. exf6 Kxf6 52. Rf7+ Ke5 53. Nf5 Rxg2 54. Nd4 Be3 55. Nc6+ Kd5 56. Nxa7 Ne4 57. Nc6 Nxc3+ 0-1

[Event "COL pre olympic sf3"]
[Site "Dosquebradas"]
[Date "2018.06.03"]
[Round "8"]
[White "Castaneda Jimenez, Jhon David"]
[Black "Guerrero Sierra, Juan Carlos"]
[Result "0-1"]
[WhiteElo "2196"]
[BlackElo "2380"]
[PlyCount "104"]
[EventDate "2018.05.30"]
[EventType "swiss"]
[EventRounds "10"]
[EventCountry "COL"]
[SourceTitle "CBM 184 Extra"]
[Source "ChessBase"]
[SourceDate "2018.06.28"]
[SourceVersion "1"]
[SourceVersionDate "2018.06.28"]
[SourceQuality "1"]

1. d4 Nf6 2. Nf3 g6 3. Bf4 Bg7 4. Nc3 d5 5. Nb5 Na6 6. e3 0-0 7. Be2 Bf5 8. Nh4 Bd7 9. 0-0 c6 10. Nc3 Nc7 11. Nf3 Nh5 12. Be5 f6 13. Bxc7 Qxc7 14. Nd2 e5 15. Bxh5 gxh5 16. Qxh5 Be8 17. Qd1 Bg6 18. Ne2 Bh5 19. Nb3 f5 20. Qd2 f4 21. dxe5 Bxe2 22. Qxe2 Qxe5 23. Nd4 Rae8 24. Nf3 Qe4 25. c3 Bh6 26. Qd1 fxe3 27. fxe3 Bxe3+ 28. Kh1 Re7 29. Qb1 Rfe8 30. Qe1 Qc2 31. Qb1 Qxb1 32. Raxb1 b5 33. g3 a5 34. Kg2 b4 35. Nh4 Bd2 36. cxb4 axb4 37. Nf5 Re2+ 38. Kh3 c5 39. Rf3 c4 40. Rd1 c3 41. bxc3 bxc3 42. Nd4 R2e3 43. Rf5 R8e5 44. Rf6 Rh5+ 45. Kg2 Re4 46. Nb3 Re2+ 47. Rf2 Rxh2+ 48. Kxh2 Rxf2+ 49. Kh3 c2 50. Rh1 d4 51. Kg4 d3 52. a4 Be3 0-1

[Event "COL-ch sf 2nd"]
[Site "Tunja"]
[Date "2018.04.20"]
[Round "7"]
[White "Guerrero Sierra, Juan Carlos"]
[Black "Soto, Miguel Angel"]
[Result "1-0"]
[WhiteElo "2339"]
[BlackElo "2131"]
[PlyCount "63"]
[EventDate "2018.04.17"]
[EventType "swiss"]
[EventRounds "10"]
[EventCountry "COL"]
[SourceTitle "CBM 184 Extra"]
[Source "ChessBase"]
[SourceDate "2018.06.28"]
[SourceVersion "1"]
[SourceVersionDate "2018.06.28"]
[SourceQuality "1"]

1. e4 c5 2. Nf3 Nc6 3. Bb5 g6 4. 0-0 Bg7 5. Re1 e5 6. Bxc6 dxc6 7. h3 Ne7 8. d3 h6 9. Be3 b6 10. Nbd2 Be6 11. a3 0-0 12. Nc4 Qc7 13. Qc1 Kh7 14. b4 cxb4 15. axb4 Rae8 16. Qb2 Bxc4 17. dxc4 Nc8 18. c5 f5 19. Ra3 Rf7 20. Rea1 Qe7 21. Ra6 f4 22. Bd2 g5 23. cxb6 axb6 24. Bc3 h5 25. Qa2 Rff8 26. Nh2 Rd8 27. Qc4 Nd6 28. Qe2 Nb5 29. Qxh5+ Kg8 30. Be1 Rd4 31. Nf3 Rxe4 32. Nxg5 1-0

[Event "COL-ch sf"]
[Site "Medellin"]
[Date "2018.03.19"]
[Round "10"]
[White "Guerrero Sierra, Juan Carlos"]
[Black "Morales, Jhon Alexander"]
[Result "1-0"]
[WhiteElo "2315"]
[BlackElo "2393"]
[PlyCount "79"]
[EventDate "2018.03.14"]
[EventType "swiss"]
[EventRounds "10"]
[EventCountry "COL"]
[SourceTitle "CBM 183 Extra"]
[Source "ChessBase"]
[SourceDate "2018.04.19"]
[SourceVersion "1"]
[SourceVersionDate "2018.04.19"]
[SourceQuality "1"]

1. d4 Nf6 2. c4 e6 3. Nf3 b6 4. g3 Bb7 5. Bg2 g6 6. 0-0 Bg7 7. Nc3 0-0 8. d5 d6 9. e4 Nbd7 10. Re1 Re8 11. Qc2 Nc5 12. Rb1 a5 13. Bf4 Qd7 14. Bh3 Qe7 15. Rbd1 Rad8 16. a3 e5 17. Bc1 Na6 18. Qb1 h6 19. b4 axb4 20. axb4 Nh7 21. Bf1 Ng5 22. Nxg5 hxg5 23. Bd3 g4 24. Re2 Ra8 25. Bc2 Rf8 26. Be3 Bc8 27. Ba4 Nb8 28. c5 bxc5 29. bxc5 Ba6 30. Bb5 dxc5 31. Ra2 Bb7 32. Na4 Na6 33. Bxa6 Bxa6 34. Bxc5 Qd8 35. Bxf8 Bxf8 36. Rc1 Rb8 37. Rb2 Ra8 38. Nc5 Bxc5 39. Rxc5 Kg7 40. Ra5 1-0

[Event "Moscow Aeroflot op-B 17th"]
[Site "Moscow"]
[Date "2018.02.23"]
[Round "4"]
[White "Semjonovs, Ilja"]
[Black "Guerrero Sierra, Juan Carlos"]
[Result "0-1"]
[WhiteElo "2233"]
[BlackElo "2343"]
[PlyCount "82"]
[EventDate "2018.02.20"]
[EventType "swiss"]
[EventRounds "9"]
[EventCountry "RUS"]
[SourceTitle "CBM 183 Extra"]
[Source "ChessBase"]
[SourceDate "2018.04.19"]
[SourceVersion "1"]
[SourceVersionDate "2018.04.19"]
[SourceQuality "1"]

1. e4 c5 2. Nf3 e6 3. d4 cxd4 4. Nxd4 a6 5. Nc3 Bb4 6. Bd3 Qc7 7. Bd2 Nf6 8. 0-0 Bc5 9. Be3 d6 10. Qf3 0-0 11. Qg3 b5 12. a3 Nbd7 13. Kh1 Bb7 14. Rae1 Rac8 15. f4 Rfe8 16. Bg1 g6 17. f5 Qb6 18. fxe6 fxe6 19. e5 dxe5 20. Bxg6 Re7 21. Nxe6 Bxg1 22. Ne4 Bxe4 23. Bxe4+ Kh8 24. Ng5 Bc5 25. Qh4 Rg8 26. b4 Be3 27. Nxh7 Rxh7 28. Bxh7 Nxh7 29. Qh3 Bf4 30. Qxd7 Qh6 31. h3 Qg6 32. Qg4 Qxg4 33. hxg4 Rxg4 34. Rf3 Ng5 35. Rd3 Kg7 36. Rd6 Bg3 37. Re2 Ne4 38. Rxa6 Rh4+ 39. Kg1 Bh2+ 40. Kf1 Rf4+ 41. Ke1 Bg3+ 0-1

[Event "Moscow Aeroflot op-B 17th"]
[Site "Moscow"]
[Date "2018.02.21"]
[Round "2"]
[White "Flom, Gabriel"]
[Black "Guerrero Sierra, Juan Carlos"]
[Result "1-0"]
[WhiteElo "2485"]
[BlackElo "2343"]
[PlyCount "63"]
[EventDate "2018.02.20"]
[EventType "swiss"]
[EventRounds "9"]
[EventCountry "RUS"]
[SourceTitle "CBM 183 Extra"]
[Source "ChessBase"]
[SourceDate "2018.04.19"]
[SourceVersion "1"]
[SourceVersionDate "2018.04.19"]
[SourceQuality "1"]

1. d4 Nf6 2. Bg5 Ne4 3. h4 c5 4. d5 Qb6 5. Nd2 Nxd2 6. Bxd2 e5 7. e4 Be7 8. Bc3 d6 9. Nf3 Na6 10. Nd2 Qd8 11. g3 Nc7 12. a4 0-0 13. Nc4 f5 14. exf5 Bxf5 15. Bg2 Ne8 16. Ne3 Bd7 17. 0-0 Qc8 18. Qd3 Kh8 19. b3 Bh3 20. a5 Nf6 21. f4 e4 22. Qe2 Bd7 23. f5 b5 24. g4 Ne8 25. g5 b4 26. Bb2 Bxf5 27. Nxf5 Rxf5 28. Rxf5 Qxf5 29. Rf1 Qxd5 30. Bxe4 Qe6 31. Qf3 Rd8 32. Bd5 1-0

[Event "Moscow op-A 14th"]
[Site "Moscow"]
[Date "2018.02.04"]
[Round "9"]
[White "Guerrero Sierra, Juan Carlos"]
[Black "Navrodsky, Boris"]
[Result "1-0"]
[WhiteElo "2343"]
[BlackElo "2101"]
[PlyCount "123"]
[EventDate "2018.01.27"]
[EventType "swiss"]
[EventRounds "9"]
[EventCountry "RUS"]
[SourceTitle "CBM 182 Extra"]
[Source "ChessBase"]
[SourceDate "2018.02.23"]
[SourceVersion "1"]
[SourceVersionDate "2018.02.23"]
[SourceQuality "1"]

1. d4 d5 2. c4 e6 3. Nf3 Nf6 4. Nc3 Be7 5. g3 0-0 6. Bg2 Nbd7 7. cxd5 exd5 8. 0-0 c6 9. a3 Re8 10. b4 a6 11. Qb3 Bd6 12. a4 Nb6 13. Nd2 Be6 14. Rb1 Bf5 15. Rb2 Be6 16. Qd1 Qd7 17. a5 Nc8 18. Na4 Qe7 19. Nc5 Bg4 20. Nf3 Ne4 21. Qc2 Na7 22. Nxe4 dxe4 23. Ng5 Bf5 24. f3 h6 25. Nxf7 exf3 26. Qxf5 fxg2 27. Kxg2 Rf8 28. Nxh6+ gxh6 29. Qg6+ Kh8 30. Qxh6+ Kg8 31. Qg6+ Kh8 32. Bg5 Qg7 33. Bf6 Rxf6 34. Rxf6 Qxg6 35. Rxg6 Nb5 36. e3 Re8 37. Kf3 Kh7 38. Rg4 Nc3 39. e4 Rf8+ 40. Kg2 Nd1 41. Rb3 Nf2 42. Rh4+ Kg6 43. e5 Be7 44. Rf4 Rxf4 45. gxf4 Ne4 46. Rh3 Kf5 47. Rh7 Bxb4 48. Rf7+ Ke6 49. Rxb7 Bc3 50. Kf3 Nd2+ 51. Ke3 Bxa5 52. Ra7 Kd5 53. Rd7+ Ke6 54. Rd6+ Ke7 55. Rxc6 Nf1+ 56. Ke4 Nxh2 57. Rxa6 Bd2 58. Ra7+ Kd8 59. f5 Ng4 60. f6 Bb4 61. Kf5 Nf2 62. e6 1-0

[Event "Moscow op-A 14th"]
[Site "Moscow"]
[Date "2018.02.02"]
[Round "7"]
[White "Marchuk, Rostislav"]
[Black "Guerrero Sierra, Juan Carlos"]
[Result "0-1"]
[WhiteElo "2143"]
[BlackElo "2343"]
[PlyCount "60"]
[EventDate "2018.01.27"]
[EventType "swiss"]
[EventRounds "9"]
[EventCountry "RUS"]
[SourceTitle "CBM 182 Extra"]
[Source "ChessBase"]
[SourceDate "2018.02.23"]
[SourceVersion "1"]
[SourceVersionDate "2018.02.23"]
[SourceQuality "1"]

1. d4 Nf6 2. Nf3 g6 3. c4 Bg7 4. Nc3 d5 5. Bg5 Ne4 6. Bh4 Nxc3 7. bxc3 dxc4 8. e3 Be6 9. Qb1 Qd5 10. Nd2 b6 11. Be2 Qd7 12. 0-0 0-0 13. Nxc4 c5 14. Rd1 cxd4 15. cxd4 Bd5 16. Qb2 Nc6 17. Rac1 Rac8 18. Nd2 e5 19. Ba6 exd4 20. Bxc8 Rxc8 21. e4 Be6 22. Nb3 Bh6 23. Rb1 d3 24. Qc3 d2 25. Nxd2 Nd4 26. Qd3 Rc3 27. Qa6 Bxd2 28. Rxd2 Nf3+ 29. gxf3 Qxd2 30. Bg3 Bh3 0-1

[Event "Moscow op-A 14th"]
[Site "Moscow"]
[Date "2018.01.27"]
[Round "1"]
[White "Khmelev, Mikhail"]
[Black "Guerrero Sierra, Juan Carlos"]
[Result "1/2-1/2"]
[WhiteElo "1983"]
[BlackElo "2343"]
[PlyCount "103"]
[EventDate "2018.01.27"]
[EventType "swiss"]
[EventRounds "9"]
[EventCountry "RUS"]
[SourceTitle "CBM 182 Extra"]
[Source "ChessBase"]
[SourceDate "2018.02.23"]
[SourceVersion "1"]
[SourceVersionDate "2018.02.23"]
[SourceQuality "1"]

1. e4 c5 2. Nf3 d6 3. d4 cxd4 4. Nxd4 Nf6 5. Nc3 g6 6. Be3 Bg7 7. f3 0-0 8. Bc4 Nc6 9. Qd2 Bd7 10. h4 h5 11. 0-0-0 Rc8 12. Bb3 Ne5 13. g4 hxg4 14. h5 Nxh5 15. Bh6 e6 16. Rdg1 Qf6 17. Bxg7 Qxg7 18. fxg4 Nf6 19. g5 Nh5 20. Nce2 Nc4 21. Bxc4 Rxc4 22. b3 Rxd4 23. Qxd4 Rc8 24. Qxa7 Bc6 25. Qe3 Qe5 26. c3 Qxe4 27. Qxe4 Bxe4 28. Rh4 d5 29. Kd2 Ra8 30. a4 Kg7 31. Ng3 Nxg3 32. Rxg3 f6 33. gxf6+ Kxf6 34. Rh7 b5 35. axb5 Ra3 36. c4 dxc4 37. Re3 Ra2+ 38. Kc3 Rc2+ 39. Kb4 Bd5 40. Rc3 cxb3 41. Rxc2 bxc2 42. Rc7 g5 43. Rxc2 g4 44. Kc5 Ke5 45. b6 g3 46. Re2+ Kf5 47. Kd4 g2 48. Re1 Kf4 49. Rg1 Kf3 50. Rxg2 Kxg2 51. Ke5 Bf3 52. b7 1/2-1/2

[Event "Catalunya-chT Gp2"]
[Site "Barcelona"]
[Date "2018.01.20"]
[Round "1.5"]
[White "Martin Grillo, Ruben"]
[Black "Guerrero Sierra, Juan Carlos"]
[Result "0-1"]
[WhiteElo "2215"]
[BlackElo "2343"]
[PlyCount "58"]
[EventDate "2018.01.20"]
[EventType "team-tourn"]
[EventRounds "7"]
[EventCountry "ESP"]
[SourceTitle "CBM 182 Extra"]
[Source "ChessBase"]
[SourceDate "2018.02.23"]
[SourceVersion "1"]
[SourceVersionDate "2018.02.23"]
[SourceQuality "1"]
[WhiteTeam "Catalunya"]
[BlackTeam "Sant Josep de Badalona"]
[WhiteTeamCountry "ESP"]
[BlackTeamCountry "ESP"]

1. e4 c5 2. b3 Nf6 3. e5 Nd5 4. Bb2 Nc6 5. Nc3 Nxc3 6. Bxc3 g6 7. e6 f6 8. exd7+ Bxd7 9. Bc4 Qc7 10. Nf3 e5 11. 0-0 0-0-0 12. d3 g5 13. Nd2 f5 14. a3 h5 15. b4 g4 16. Nb3 h4 17. Nxc5 Bxc5 18. bxc5 g3 19. Qf3 gxh2+ 20. Kh1 h3 21. g3 Nd4 22. Qd1 Bc6+ 23. f3 Qg7 24. Bxd4 Qxg3 25. Qe2 Rxd4 26. Be6+ Kd8 27. Bxf5 Rg8 28. Rf2 Qg1+ 29. Rxg1 hxg1Q# 0-1

[Event "Medellin Raza op 7th"]
[Site "Medellin"]
[Date "2017.10.22"]
[Round "9"]
[White "Blandon Villa, Diego F"]
[Black "Guerrero Sierra, Juan Carlos"]
[Result "1/2-1/2"]
[WhiteElo "2216"]
[BlackElo "2323"]
[PlyCount "56"]
[EventDate "2017.10.18"]
[EventType "swiss"]
[EventRounds "9"]
[EventCountry "COL"]
[SourceTitle "CBM 181 Extra"]
[Source "ChessBase"]
[SourceDate "2017.12.12"]
[SourceVersion "1"]
[SourceVersionDate "2017.12.12"]
[SourceQuality "1"]

1. e4 e5 2. Nf3 Nc6 3. Bb5 a6 4. Ba4 Nf6 5. Qe2 b5 6. Bb3 Be7 7. c3 0-0 8. d4 d6 9. 0-0 Bg4 10. Rd1 Qb8 11. Be3 Na5 12. Bc2 c5 13. d5 Nxe4 14. Bxe4 f5 15. Bc2 e4 16. Bf4 Qb7 17. Nbd2 exf3 18. Nxf3 Rae8 19. Qd3 Nc4 20. Rab1 Bf6 21. h3 Bh5 22. g4 Bg6 23. gxf5 Bh5 24. b3 Ne5 25. Bxe5 Bxe5 26. Re1 Bxf3 27. Qxf3 Qc7 28. Re3 b4 1/2-1/2

[Event "Medellin Raza op 7th"]
[Site "Medellin"]
[Date "2017.10.19"]
[Round "2"]
[White "Castaneda Jimenez, Jhon David"]
[Black "Guerrero Sierra, Juan Carlos"]
[Result "0-1"]
[WhiteElo "2175"]
[BlackElo "2323"]
[PlyCount "114"]
[EventDate "2017.10.18"]
[EventType "swiss"]
[EventRounds "9"]
[EventCountry "COL"]
[SourceTitle "CBM 181 Extra"]
[Source "ChessBase"]
[SourceDate "2017.12.12"]
[SourceVersion "1"]
[SourceVersionDate "2017.12.12"]
[SourceQuality "1"]

1. Nf3 Nf6 2. c4 g6 3. Nc3 d5 4. cxd5 Nxd5 5. Qa4+ Bd7 6. Qb3 Nb6 7. Ng5 e6 8. d3 Nc6 9. h4 Nd4 10. Qd1 h6 11. Nge4 f5 12. e3 Nc6 13. Nd2 e5 14. Nb3 a5 15. d4 a4 16. Nc5 exd4 17. exd4 Qe7+ 18. Be2 Bg7 19. Be3 a3 20. g3 axb2 21. Rb1 f4 22. gxf4 Bf5 23. Rxb2 0-0-0 24. Rd2 Nxd4 25. Rxd4 Rxd4 26. Bxd4 Rd8 27. Nb3 Bxd4 28. Nxd4 Qb4 29. Qb3 Qxd4 30. h5 Qd2+ 31. Kf1 Qc1+ 32. Kg2 Qxf4 33. hxg6 Qg5+ 34. Kf1 Qxg6 35. Nb5 Rg8 36. Qg3 Qxg3 37. fxg3 Rxg3 38. Rxh6 Bb1 39. Kf2 Rg7 40. a3 c6 41. Rh1 Bh7 42. Nd4 Rf7+ 43. Ke3 Kc7 44. Rh6 Re7+ 45. Kf2 Nd5 46. Bf3 Nf4 47. Rf6 Nh3+ 48. Kg2 Ng5 49. a4 Nxf3 50. Kxf3 Be4+ 51. Kf2 Kb6 52. Ne2 Bd3 53. Nc3 Bc4 54. Rf5 Rf7 55. Rxf7 Bxf7 56. Ke3 Bb3 57. Kd4 Ka5 0-1

[Event "American Continental 13th"]
[Site "Medellin"]
[Date "2017.06.15"]
[Round "8"]
[White "Guerrero Sierra, Juan Carlos"]
[Black "Vazquez, Guillermo"]
[Result "1/2-1/2"]
[WhiteElo "2303"]
[BlackElo "2443"]
[PlyCount "90"]
[EventDate "2017.06.10"]
[EventType "swiss"]
[EventRounds "11"]
[EventCountry "COL"]
[SourceTitle "CBM 178 Extra"]
[Source "ChessBase"]
[SourceDate "2017.06.22"]
[SourceVersion "1"]
[SourceVersionDate "2017.06.22"]
[SourceQuality "1"]

1. e4 c5 2. Nf3 e6 3. d4 cxd4 4. Nxd4 Nc6 5. Nc3 Qc7 6. Be3 a6 7. Qd2 Nf6 8. 0-0-0 Bb4 9. f3 Ne7 10. Bg5 b5 11. a3 Bxc3 12. Qxc3 Qxc3 13. bxc3 d5 14. Nb3 dxe4 15. Bxf6 gxf6 16. fxe4 Rg8 17. g3 Rg5 18. Bd3 Ng6 19. Rhf1 Ke7 20. Rd2 Ne5 21. Na5 Bd7 22. Rdf2 Ng4 23. Rd2 Rc8 24. Kb2 Rgc5 25. Rf4 Ne5 26. Rdf2 Rxc3 27. Rxf6 Rxd3 28. cxd3 Nxd3+ 29. Kb3 Nxf2 30. Rxf2 e5 31. Kb4 Rc1 32. Rf3 Re1 33. Kc5 Rxe4 34. Kb6 Re1 35. Kxa6 e4 36. Rc3 e3 37. Nb3 Kf6 38. Nd4 Bg4 39. Nc2 Rb1 40. Rxe3 Rb2 41. Nb4 Rxh2 42. Kxb5 Be6 43. Kb6 Rb2 44. Kc5 Rb1 45. Nd5+ Bxd5 1/2-1/2